00848 2200253 4500001002100000005001700021008004100038020002200079035002500101040001200126082001200138084001800150100002700168245015400195250001000349260008500359300003600444500003300480650001400513700001900527700001400546850001200560990002200572INLIS00000000001706220160203133716.0  a987-979-8786-51-8 a0010-021600000000150 aYOPDYOG 223a910 aDEP 910 Lan B aLANGGENG WAHYU SANTOSA aBentang alam dan bentang budayab: panduan kuliah kerja lapangan pengenalan bentanglahanc/ Langgeng Wahyu Santosa, Lutfi Muta'ali; editor, Nasruddin aCet.1 aYogyakartabBadan Penerbit Fakultas Geografi (BPFG) Universitas Gajah Madac2014 axvi, 199 hlm.b: ilus.c; 24 cm aBibliografi : hlm. 185 - 191 aIlmu Bumi aLutfi Muta'ali aNasruddin aYOPDYOG aCB-D.11/2014-1822